absolute in doubt - Statistics

General Stats
  • This quiz has been taken 3 times
  • The average score is 207 of 332
Answer Stats
% Correct
a
100%
an
100%
back
100%
back,
100%
be
100%
hill,
100%
hold
100%
I
100%
(I
100%
in
100%
inside,
100%
it
100%
It
100%
like
100%
me
100%
me?
100%
Runnin'
100%
so
100%
Some
100%
that
100%
the
100%
There's
100%
though
100%
though)
100%
to
100%
up
100%
Wanna
100%
wanna
100%
want
100%
you
100%
you,
100%
Zoloft
100%
about
50%
absolute
50%
altar
50%
and
50%
(And
50%
bad
50%
blessed
50%
But
50%
Cause
50%
chest
50%
could
50%
debt
50%
don't
50%
don’t
50%
doubt
50%
For
50%
give
50%
help
50%
ice,
50%
I'm
50%
I’m
50%
into
50%
knew
50%
know
50%
know,
50%
know)
50%
make
50%
Money
50%
more,
50%
more
50%
my
50%
need
50%
not
50%
of
50%
on
50%
other
50%
Other
50%
passion
50%
plan
50%
pushin'
50%
put
50%
see
50%
seem
50%
somethin'
50%
Sometimes
50%
than
50%
then
50%
this
50%
thought
50%
times
50%
turn
50%
understand
50%
upon
50%
vision
50%
wait
50%
wasn't
50%
wasn’t
50%
way
50%
way,
50%
weight,
50%
were
50%
Why?
50%
Why
50%
Wish
50%
wrist
50%
your
50%
actin'
0%
again
0%
at
0%
been
0%
Bring
0%
brought
0%
call
0%
can
0%
car,
0%
clawin'
0%
climbin'
0%
doesn't
0%
down,
0%
dream
0%
dreamin'
0%
easy
0%
end
0%
feel
0%
forgot
0%
from
0%
fuckin'
0%
haunt
0%
heart
0%
his
0%
Hollywood
0%
how
0%
I'ma
0%
is
0%
it’s
0%
I’ve
0%
just
0%
Lay
0%
leave
0%
lucid
0%
mama
0%
movin'
0%
myself
0%
now,
0%
one
0%
out
0%
out,
0%
out)
0%
passin'
0%
place
0%
please
0%
project
0%
really
0%
reason
0%
remember
0%
saw
0%
scar,
0%
seems
0%
she
0%
silhouette
0%
single
0%
start
0%
swear
0%
talk
0%
Tell
0%
That’s
0%
‘til
0%
top
0%
tryna
0%
Without
0%
No matching quizzes found
Score Distribution
Percent of People with Each Score
Percentile by Number Answered
Your Score History
You have not taken this quiz